Introduction to control systems design

Uloženo v:
Podrobná bibliografie
Hlavní autor: Eveleigh, Virgil W (Autor)
Médium: Kniha
Jazyk:angličtina
Vydáno: Nueva York McGraw Hill 1972
Edice:McGraw-Hill Electrical and Electronic Engineering Series
Témata:
Tagy: Přidat tag
Žádné tagy, Buďte první, kdo vytvoří štítek k tomuto záznamu!

MARC

LEADER 00000nam a2200000 a 4500
001 UCV6455
003 CL-VaPUC
008 920915e19720000US |||||||||||||||||eng|d
082 0 4 |a 629.8  |b EVE  |2 21 
100 0 |a Eveleigh, Virgil W  |e author  |9 300637 
245 1 0 |a Introduction to control systems design 
300 |a 624 p 
942 |c BK 
945 |d 19920915 00:00:00 
260 |a Nueva York  |b McGraw Hill  |c 1972 
650 0 |a Control automático  |9 259890 
650 0 |a Teoría del control  |9 260349 
650 0 |a Informática   |9 260044 
583 |a last modification  |c 19920915 00:00:00  |k Rodrigo Vera 
490 0 |a McGraw-Hill Electrical and Electronic Engineering Series 
999 |c 212522  |d 212520 
952 |0 0  |1 0  |4 0  |6 629_800000000000000_EVE_1972  |7 0  |8 A  |9 193562  |a BIBING  |b BIBING  |d 2019-11-14  |i 2614782  |o 629.8 EVE 1972  |p 2614782  |r 2025-01-20  |w 2019-11-14  |y BK  |k EIE